Central Library OPAC University of Rajshahi

Post training utilisation of skill development training organised by BARD : (Record no. 58663)

MARC details
000 -LEADER
fixed length control field 01033nam a2200265 a 4500
001 - CONTROL NUMBER
control field 58663
003 - CONTROL NUMBER IDENTIFIER
rucl marc code BD-RjUL
005 - DATE AND TIME OF LATEST TRANSACTION
control field 20211209080639.0
008 - FIXED-LENGTH DATA ELEMENTS--GENERAL INFORMATION
fixed length control field 161219s2012 bg a b 000 0 eng
020 ## - INTERNATIONAL STANDARD BOOK NUMBER
International Standard Book Number 9789845591805
035 ## - SYSTEM CONTROL NUMBER
System control number (BD-RjUL)58787
040 ## - CATALOGING SOURCE
Original cataloging agency DLC
Transcribing agency DLC
Modifying agency DLC
Language of cataloging eng
041 ## - LANGUAGE CODE
Language code of text/sound track or separate title eng
082 ## - DEWEY DECIMAL CLASSIFICATION NUMBER
Edition number 23
Classification number 331.2592095492
Author mark and year POS 2012
245 00 - TITLE STATEMENT
Title Post training utilisation of skill development training organised by BARD :
Remainder of title a case of grassroots beneficiaries of Palli Pragati Prokalpa of BRDB /
Statement of responsibility, etc. Mohammed Mir Kashem ... [et al.].
260 ## - PUBLICATION, DISTRIBUTION, ETC. (IMPRINT)
Place of publication, distribution, etc. Comilla :
Name of publisher, distributor, etc. Bangladesh Academy for Rural Development,
Date of publication, distribution, etc. 2012.
300 ## - PHYSICAL DESCRIPTION
Pagination xiii, 99 p. :
Illustrations ill. ;
Size 23 cm.
504 ## - BIBLIOGRAPHY, ETC. NOTE
Bibliography, etc Includes bibliographical references (p. 89-90).
650 #0 - SUBJECT ADDED ENTRY--TOPICAL TERM
Topical term or geographic name as entry element Occupational training
General subdivision Government policy
Geographic subdivision Bangladesh.
9 (RLIN) 174353
Topical term or geographic name as entry element Employees
General subdivision Training of
Geographic subdivision Bangladesh.
9 (RLIN) 174354
700 1# - ADDED ENTRY--PERSONAL NAME
Personal name Mir Kashem, Md.
710 2# - ADDED ENTRY--CORPORATE NAME
Corporate name or jurisdiction name as entry element Bāṃlādeśa Pallī Unnaẏana Ekāḍemī.
9 (RLIN) 171305
942 ## - ADDED ENTRY ELEMENTS (KOHA)
Source of classification or shelving scheme Dewey Decimal Classification
Koha item type Books
Holdings
Lost status Source of classification or shelving scheme Damaged status Not for loan Collection code Permanent Location Current Location Shelving location Date acquired Source of acquisition Cost, normal purchase price Total Checkouts Full call number Date last seen Copy number Koha item type
  Dewey Decimal Classification   Not For Loan Non-fiction Central Library, University of Rajshahi Central Library, University of Rajshahi Reading Room 25/09/2012 Varotio High Comissioner, Rajshahi 120.00   331.2592095492 POS 2012 19/12/2016 C-1 Books